<?xml version="1.0" encoding="UTF-8"?><?xml-stylesheet type="text/xsl" href="static/style.xsl"?><OAI-PMH xmlns="http://www.openarchives.org/OAI/2.0/" xmlns:xsi="http://www.w3.org/2001/XMLSchema-instance" xsi:schemaLocation="http://www.openarchives.org/OAI/2.0/ http://www.openarchives.org/OAI/2.0/OAI-PMH.xsd"><responseDate>2026-04-13T01:56:53Z</responseDate><request verb="GetRecord" identifier="oai:www.recercat.cat:2072/229698" metadataPrefix="marc">https://recercat.cat/oai/request</request><GetRecord><record><header><identifier>oai:recercat.cat:2072/229698</identifier><datestamp>2024-12-13T09:14:06Z</datestamp><setSpec>com_2072_229162</setSpec><setSpec>com_2072_228903</setSpec><setSpec>com_2072_96873</setSpec><setSpec>com_2072_96852</setSpec><setSpec>com_2072_2015</setSpec><setSpec>col_2072_229166</setSpec></header><metadata><record xmlns="http://www.loc.gov/MARC21/slim" xmlns:dcterms="http://purl.org/dc/terms/" xmlns:xsi="http://www.w3.org/2001/XMLSchema-instance" xmlns:doc="http://www.lyncode.com/xoai" xsi:schemaLocation="http://www.loc.gov/MARC21/slim http://www.loc.gov/standards/marcxml/schema/MARC21slim.xsd">
   <leader>00925njm 22002777a 4500</leader>
   <datafield ind2=" " ind1=" " tag="042">
      <subfield code="a">dc</subfield>
   </datafield>
   <datafield ind2=" " ind1=" " tag="720">
      <subfield code="a">Rangelov, Tihomir</subfield>
      <subfield code="e">author</subfield>
   </datafield>
   <datafield ind2=" " ind1=" " tag="520">
      <subfield code="a">This paper describes the development of a two-way shallow-transfer rule-based machine translation system between Bulgarian and Macedonian. It gives an account of the resources and the methods used for constructing the system, including the development of monolingual and bilingual dictionaries, syntactic transfer rules and constraint grammars. An evaluation of the
system's performance was carried out and compared to another commercially available MT system for the two languages. Some future work was suggested.</subfield>
   </datafield>
   <datafield ind2=" " ind1=" " tag="520">
      <subfield code="a">Este artículo describe el desarrollo de un sistema de traducción automática basado en reglas, poco profundo y en ambos sentidos entre el búlgaro y el macedonio. Hace una enumeración de los recursos y los métodos utilizados para construir el sistema, como el desarrollo de diccionarios monolingües y bilingües, reglas de transferencia sintáctica y gramáticas de restricción. Se ha llevado a cabo una evaluación del rendimiento del sistema y se ha comparado con otro sistema de traducción automática disponible comercialmente para las dos lenguas. Se sugieren posibles trabajos futuros.</subfield>
   </datafield>
   <datafield ind2=" " ind1=" " tag="520">
      <subfield code="a">Aquest article descriu el desenvolupament d'un sistema de traducció automàtica basat en regles, de transferència poc profunda i en ambdós sentits entre el búlgar i el macedoni. Descriu els recursos i els mètodes que s'utilitzen per a construir el sistema, com ara el desenvolupament de diccionaris monolingües i bilingües, regles de transferència sintàctica i gramàtiques de restricció. S¿han dut a terme una avaluació del rendiment del sistema i s¿ha comparat amb un altre sistema de traducció automàtica disponible comercialment per a les dues llengües. Se suggereixen possibles treballs futurs.</subfield>
   </datafield>
   <datafield ind1="8" ind2=" " tag="024">
      <subfield code="a">Rangelov, Tihomir (2011, January). "Rule-based machine translation between Bulgarian and Macedonian". Proceedings of the Second International Workshop on Free/Open-Source Rule-Based Machine Translation (2011: Barcelona).
&lt;http://hdl.handle.net/10609/5642></subfield>
   </datafield>
   <datafield ind1="8" ind2=" " tag="024">
      <subfield code="a">978-84-693-9517-2</subfield>
   </datafield>
   <datafield ind1="8" ind2=" " tag="024">
      <subfield code="a">http://hdl.handle.net/10609/5642</subfield>
   </datafield>
   <datafield tag="653" ind2=" " ind1=" ">
      <subfield code="a">Rule-based</subfield>
   </datafield>
   <datafield tag="653" ind2=" " ind1=" ">
      <subfield code="a">Machine Translation</subfield>
   </datafield>
   <datafield tag="653" ind2=" " ind1=" ">
      <subfield code="a">Traducción automática basada en reglas</subfield>
   </datafield>
   <datafield tag="653" ind2=" " ind1=" ">
      <subfield code="a">Traducció automàtica basada en regles</subfield>
   </datafield>
   <datafield tag="653" ind2=" " ind1=" ">
      <subfield code="a">Open source software</subfield>
   </datafield>
   <datafield tag="653" ind2=" " ind1=" ">
      <subfield code="a">Machine translating</subfield>
   </datafield>
   <datafield tag="653" ind2=" " ind1=" ">
      <subfield code="a">Computational linguistics</subfield>
   </datafield>
   <datafield tag="653" ind2=" " ind1=" ">
      <subfield code="a">Programari lliure</subfield>
   </datafield>
   <datafield tag="653" ind2=" " ind1=" ">
      <subfield code="a">Traducció automàtica</subfield>
   </datafield>
   <datafield tag="653" ind2=" " ind1=" ">
      <subfield code="a">Lingüística computacional</subfield>
   </datafield>
   <datafield tag="653" ind2=" " ind1=" ">
      <subfield code="a">Software libre</subfield>
   </datafield>
   <datafield tag="653" ind2=" " ind1=" ">
      <subfield code="a">Traducción automática</subfield>
   </datafield>
   <datafield tag="653" ind2=" " ind1=" ">
      <subfield code="a">Lingüística computacional</subfield>
   </datafield>
   <datafield ind2="0" ind1="0" tag="245">
      <subfield code="a">Rule-based machine translation between Bulgarian and Macedonian</subfield>
   </datafield>
</record></metadata></record></GetRecord></OAI-PMH>